| 000 | 00471nam a22001937a 4500 | ||
|---|---|---|---|
| 003 | MPLRDC | ||
| 005 | 20220104143824.0 | ||
| 008 | 210129b ||||| |||| 00| 0 eng d | ||
| 020 | _a7-5347-2530-5 | ||
| 082 | _a782.882 LS-2 | ||
| 100 | _a李辉 | ||
| 245 |
_a老舍: 消失了的太平湖 _c |
||
| 250 | _a一版一刷 | ||
| 260 |
_a _b大象 _c2000 |
||
| 300 | _b平 | ||
| 490 | _a大象人物聚焦书系 | ||
| 650 | _a老舍传记 | ||
| 942 |
_cBK _o782.882 LS-2 |
||
| 999 |
_c43685 _d43675 |
||